000 00603nam a2200253Ia 4500
008 160620s9999||||xx |||||||||||||| ||und||
040 _cEnglish
082 _aXV.D2/Aurobindo
082 _bBORI-10029
100 _aAurobindo
245 _aSri Aurobindo Mandir Annual
300 _a144
300 _cB
300 _eHardbound
530 _u00010029.pdf
563 _aRef
600 _aAurobindo
630 _aSri Aurobindo Mandir Annual
650 _aComm.Vol.Of Institute
650 _aReference
700 _aAurobindo
730 _aSri Aurobindo Mandir Annual
942 _cBOOK
999 _c1387690
_d1387687